000 00654nam a2200229 a 4500
001 19520
003 CO-ViMGA
008 141112s2004 ck r 000 u spa d
020 _a9501519163
040 _aCO-ViMGA
_bspa
_cCO-ViMGA
082 0 4 _a179.9 B355c
100 1 _aBennett, William
_928166
245 1 0 _aCompasión :
_bEl Libro de las virtudes
260 _aBarcelona :
_bJavier Vergara Editores; 1993
300 _a109 p.
490 _aEl libro de las virtudes
590 _aForma de adquisición : Premio Mincultura
650 1 4 _aeducación MORAL
_94809
650 1 4 _aVALORES HUMANOS
_928167
650 1 4 _aVIRTUDES
_955538
942 _2ddc
_cBK
999 _c28660
_d28660